000
00256nam a2200097Ia 4500
001
1200263
005
20250827022609.0
008
250824s9999 xx 000 0 und d
245
0
_a
BAHARAT KOKULU HAYATLAR
_c
ERICA BAUERMEİSTER
260
_b
MARTI YAYINCILIK
999
_c
1200263
_d
1200263